10x10 Multiplication Table in 1 minute - Statistics

General Stats
  • This quiz has been taken 643 times
  • The average score is 13 of 14
Answer Stats
Problem Solution % Correct
10x9 90
97%
8x2 16
96%
9x2 18
96%
9x3 27
96%
5x6 30
96%
9x5 45
96%
4x2 8
96%
10x3 30
95%
5x8 40
95%
1x9 9
95%
4x8 32
94%
6x9 54
93%
9x9 81
93%
3x8 24
92%
7x8 56
92%
No matching quizzes found
Score Distribution
Percent of People with Each Score
Percentile by Number Answered
Your Score History
You have not taken this quiz